| 000 | 00838nam a2200193 4500 | ||
|---|---|---|---|
| 005 | 20260202102548.0 | ||
| 008 | 260202b |||||||| |||| 00| 0 eng d | ||
| 020 | _a9781107676510 | ||
| 037 | _cTextual | ||
| 040 |
_aRTL _cRTL |
||
| 084 | _qRTL | ||
| 100 |
_aGelman, Andrew _91113045 |
||
| 245 | _aRefression and other stories | ||
| 260 |
_aNew York _bCambridge _c2021 |
||
| 300 |
_axv, 534 p. _bIncludes bibliographical reference and index |
||
| 520 | _aMost textbooks on regression focus on theory and the simplest of examples. Real statistical problems, however, are complex and subtle. This is not a book about the theory of regression. It is about using regression to solve real problems of comparison, estimation, prediction, and causal inference. | ||
| 700 |
_aHill, Jennifer _eCo-author _91113046 |
||
| 942 |
_2CC _n0 _cTEXL |
||
| 999 |
_c1678445 _d1678445 |
||